000
00253nam a22001097a 4500
008
131217t xxu||||| |||| 00| 0 eng d
020
_a
0-00-616816-7
100
_a
Agatha Christie
_9
446
245
_a
The Sittaford Mystery
300
_a
340
942
_2
ddc
_c
BK
999
_c
16717
_d
16717